La catedral del mar / (Record no. 195638)

MARC details
000 -LEADER
campo de control de longitud fija 01495nam a2200397 i 4500
001 - NÚMERO DE CONTROL
campo de control 195638
003 - IDENTIFICADOR DE NÚMERO DE CONTROL
campo de control SpMaBN
005 - FECHA Y HORA DE LA ÚLTIMA TRANSACCIÓN
campo de control 20250804062706.0
008 - DATOS DE LONGITUD FIJA--INFORMACIÓN GENERAL
campo de control de longitud fija 230601s2006 sp | ||| ||spa
016 7# - NÚMERO DE CONTROL DE UNA AGENCIA BIBLIOGRÁFICA NACIONAL
Número de control del registro bimoBNE20060478346
Fuente SpMaBN
017 ## - NÚMERO DE COPYRIGHT O DE DEPÓSITO LEGAL
Número de copyright o de depósito legal B 54195-2006
Agencia que asigna Oficina Depósito Legal Barcelona
020 ## - NÚMERO INTERNACIONAL ESTÁNDAR DEL LIBRO
Número Internacional Estándar del Libro 8425340039
Información calificativa ISBN-10
020 ## - NÚMERO INTERNACIONAL ESTÁNDAR DEL LIBRO
Número Internacional Estándar del Libro 9788425340031
Información calificativa ISBN-13
035 ## - NÚMERO DE CONTROL DEL SISTEMA
Número de control de sistema (OCoLC)912401401
040 ## - FUENTE DE CATALOGACIÓN
Centro catalogador/agencia de origen SpMaBN
Lengua de catalogación spa
Centro/agencia transcriptor SpMaBN
Normas de descripción rdc
Centro/agencia modificador ES-MaACL
080 ## - NÚMERO DE LA CLASIFICACIÓN DECIMAL UNIVERSAL
Número de la Clasificación Decimal Universal 821.134.2-31"19"
100 1# - ENTRADA PRINCIPAL--NOMBRE DE PERSONA
Nombre de persona Falcones, Ildefonso,
Fechas asociadas al nombre 1959-
Número de control del registro de autoridad o número normalizado XX3451901
9 (RLIN) 173091
Término indicativo de función/relación Autor
240 13 - TÍTULO UNIFORME
Título uniforme La catedral del mar
245 13 - MENCIÓN DEL TÍTULO
Título La catedral del mar /
Mención de responsabilidad, etc. Ildefonso Falcones.
250 ## - MENCION DE EDICION
Mención de edición Primera edición : Marzo 2006
Resto de la mención de edición Vigesimotercera edición: diciembre 2006
260 ## - PUBLICACIÓN, DISTRIBUCIÓN, ETC.
Lugar de publicación, distribución, etc. [Barcelona] :
Nombre del editor, distribuidor, etc. Grijalbo,
Fecha de publicación, distribución, etc. 2006.
300 ## - DESCRIPCIÓN FÍSICA
Extensión 669 p. :
Dimensiones 24 cm.
336 ## - TIPO DE CONTENIDO
Fuente rdacontent
Término de tipo de contenido texto
337 ## - TIPO DE MEDIO
Fuente rdamedia
Nombre/término del tipo de medio sin mediación
338 ## - TIPO DE SOPORTE
Fuente rdacarrier
Nombre/término del tipo de soporte volumen
490 1# - MENCIÓN DE SERIE
Mención de serie Grijalbo novela histórica
655 #0 - TERMINO DE INDIZACIÓN--GENERO/FORMA
Datos o término principal de género/forma Novelas
9 (RLIN) 234319
830 ## - PUNTO DE ACCESO ADICIONAL DE SERIE-TÍTULO UNIFORME
Título uniforme Grijalbo novela histórica
9 (RLIN) 230035
852 ## - LOCALIZACIÓN
Ubicación ES-MaACL
Sublocalización o colección R.154421
Ubicación en estantería Depósito J
Número de control de estantería N-8977
Donativo/Legado Donación: Maria Perles Navarro
Encuadernación Encuadernación cartoné con sobrecubierta
itemnumber 204846
903 ## - NOMBRE PERSONAL DE DONANTE
9 233771
a Perles Navarro, María
e Donante
942 ## - ELEMENTOS DE ENTRADA SECUNDARIOS (KOHA)
Tipo de ítem Koha Libro impreso
Suprimir en OPAC No
Holdings
Estatus retirado Estado de pérdida Fuente del sistema de clasificación o colocación Estado de daño No para préstamo Biblioteca de origen Biblioteca actual Ubicación en estantería Fecha de adquisición Fuente de adquisición Total de préstamos Signatura topográfica completa Código de barras Visto por última vez Precio de reemplazo Tipo de ítem Koha
    Clasificación decimal universal     Biblioteca del Ateneo de Madrid Biblioteca del Ateneo de Madrid Depósito J 21/03/2025 Donación   N-8977 101229694 21/03/2025 21/03/2025 Libro impreso